TCL/TK in a Nutshell : A Desktop Quick Reference /

Sistema de programación que incluye un lenguaje de guiones (Tcl) y un juego de herramientas de interfaz gráfica de usuario (Tk). Este lenguaje emite órdenes a los programas interactivos, tales como editores de textos, depuradores e interfaces de órdenes, que un e estructuras complejas de datos conju...

ver descrição completa

Na minha lista:
Detalhes bibliográficos
Autor principal: Raines, Paul (autor)
Outros Autores: Tranter, Jeff (autor) (autor)
Formato: Livro
Idioma:inglês
Publicado em: Sebastopol, EUA : O'Reilly, 1999, c1999
Colecção:(A Nutshell Handbook)
Assuntos:
Tags: Adicionar Tag
Sem tags, seja o primeiro a adicionar uma tag!

MARC

LEADER 00000nam^a2200000^a^4500
001 000181280
005 20250521000000.0
009 20260310101926.05
020 |a 1-56592-433-9 
037 |a Acervo ITESO - Biblioteca 
041 |a ING 
082 |a 005. 133  |b RAI 
100 |a Raines, Paul  |e (autor) 
245 1 0 |a TCL/TK in a Nutshell :  |b A Desktop Quick Reference /  |c P. Raines, J. Tranter. 
264 4 |a Sebastopol, EUA :  |b O'Reilly,  |c 1999, c1999 
300 |a XIII, 440 p. 
336 |a texto  |b txt  |2 rdacontenido 
337 |a sin mediación  |b n  |2 rdamedio 
338 |a volumen  |b nc  |2 rdasoporte 
440 2 |a (A Nutshell Handbook) 
520 |a Sistema de programación que incluye un lenguaje de guiones (Tcl) y un juego de herramientas de interfaz gráfica de usuario (Tk). Este lenguaje emite órdenes a los programas interactivos, tales como editores de textos, depuradores e interfaces de órdenes, que un e estructuras complejas de datos conjuntos en los guiones. 
649 |a XX 
650 |a Interfaz Gráfica de Usuario 
650 |a Lenguajes de Programación 
650 |a Programación (Software) 
650 |a Ingeniería Computacional 
700 |a Tranter, Jeff  |e (autor) 
910 |a Fondo General 
920 |a Impresos - Libros 
930 |a Colección General 
905 |a 101 
901 |a 0500120756  |b IT1  |c ACC  |u 20250521 
902 |a https://opac.biblio.iteso.mx/vufind/Record/000181280